| 000 | 00731cam a2200193Ia 4500 | ||
|---|---|---|---|
| 082 |
_a620.1127 _bMON _cL-39, P-185 |
||
| 245 | 0 | 0 |
_aNondestructive testing _bmethods, analyses and applications / _cEarl N. Mallory, editor. |
| 260 |
_aNew York : _bNova Science Publishers, _cc1988. |
||
| 300 |
_a221 p. : _bill. (some col.). |
||
| 490 | 1 | _aMechanical engineering theory and applications | |
| 526 |
_a0 _b0 _c0 _d620_112700000000000_MON |
||
| 650 | 0 |
_aMCE _9379 |
|
| 650 | 0 |
_aNondestructive testing _xMathematical models. _946713 |
|
| 650 | 0 |
_aNondestructive testing. _938315 |
|
| 700 | 1 |
_aMallory, Earl N. _946714 |
|
| 710 | 2 |
_aebrary, Inc. _9622 |
|
| 856 | 4 | 0 | _uhttp://www.columbia.edu/cgi-bin/cul/resolve?clio10582444 |
| 942 |
_2ddc _cBK |
||
| 999 |
_c549978 _d549978 |
||